Paroles - Killing in the Name - Rage Against the Machine - Statistiques

Statistiques générales
  • Ce quiz a été pris 13 fois
  • Le résultat moyen est 161 sur 216
Statistiques - réponses
Réponse % Correct
in
100%
Killing
100%
name
100%
of !
100%
of
100%
the
100%
they
92%
do
85%
what
85%
who
85%
Are
77%
are
77%
for
77%
forces
77%
're
77%
Some
77%
that
77%
those
77%
Those
77%
told
77%
work
77%
ya
77%
chosen
69%
same
69%
you
69%
You
69%
crosses
62%
justify
62%
and
54%
badge,
54%
burn
54%
died
46%
wearing
46%
whites
46%
by
38%
justified,
38%
Now
38%
now
38%
But
31%
Well
0%
Aucun quiz correspondant
Distribution des résultats
% des personnes avec chaque résultat
Percentile par nombre de réponses
Votre historique - résultats
Vous n’avez pas pris ce quiz